Statistiques concernant Mai

Cliquez ici pour prendre le quiz!

Statistiques générales

  • Ce quiz a été pris 59 fois
  • Le résultat moyen est 6 sur 11

Statistiques - réponses

QuestionsRéponses% Correct
Il y a __ jours dans le mois de mai.31
100%
Dans les calendriers grégoriens et julien mai est le ______ mois de l’année.Cinquième
96%
Le dicton du mois de mai est: «En mai, fais ce qu’il te ____ ».Plaît
94%
Le premier mai est célébrée la Fête Internationale du ______.Travail
83%
Le ______ est la couleur du mois de mai.Vert
65%
Le nom « mai » provient du latin maius signifiant « le mois de mai ». Ce nom fait référence à ____ déesse romaine de la fertilité et du printemps faisant partie des divinités primitives de Rome.Maia
39%
Le mois de mai est aussi appelé le « mois de _____ » dans la religion catholique.Marie
26%
L’______ est la pierre associée au mois de mai.Émeraude
22%
Dans la religion catholique, le moi de mai commence avec la fête de Saint _______ l’artisan et se termine par la visite de la Vierge Marie à sa cousine Élisabeth.Joseph
19%
Le ____ est la fleur associée au mois de mai.Lys
19%
Le mois de mai est également connu pour la fête de ________ qui a, au cœur des rites, la plantation d’un arbre.Meyboom
2%

Distribution des résultats

Percentile par nombre de réponses

% des personnes avec chaque résultat

Votre développement - résultats

Vous n’avez pas pris ce quiz